Constance - Choix Multiples - Statistiques

Statistiques générales
  • Ce quiz a été pris 13 fois
  • Le résultat moyen est 5 sur 10
Statistiques - réponses
Question Réponse % Correct
Sous quel nom le lac de Constance est-il connu en allemand ? Bodensee
83%
Dans laquelle de ces subdivisions se trouve Constance ? Bade-Wurtemberg
67%
Quelle ville suisse ne fait qu'un avec Constance ? Kreuzlingen
67%
Comment est surnommée l'Île de Mainau, un des lieux les plus touristiques de la ville ? L'île aux fleurs
50%
Quel fleuve coupe la ville en deux ? Rhin
50%
Quel objet volant n'est-il pas si rare de voir dans le ciel de Constance ? Un zeppelin
50%
Laquelle de ces statues se trouve dans le port de Constance ?
42%
Pourquoi la Confédération suisse refusa-t-elle l’adhésion de Constance au XVe siècle ? Les cantons ruraux craignaient que les villes soient trop puissantes
33%
Durant quel siècle les travaux de la cathédrale Notre-Dame de Constance ont-ils commencé ? VI ème
33%
Quelle conséquence le Concile de Constance (1414-1418) a-t-il eue ? La fin du grand schisme d'Occident
25%
Aucun quiz correspondant
Distribution des résultats
% des personnes avec chaque résultat
Percentile par nombre de réponses
Votre historique - résultats
Vous n’avez pas pris ce quiz